Dos españoles en Rusia : (Record no. 1983)
[ view plain ]
| 000 -CABECERA | |
|---|---|
| campo de control de longitud fija | 00844cam a2200229 a 4500 |
| 001 - NÚMERO DE CONTROL | |
| campo de control | 000002131 |
| 005 - FECHA Y HORA DE LA ÚLTIMA TRANSACCIÓN | |
| campo de control | 20200929145838.0 |
| 008 - DATOS DE LONGITUD FIJA--INFORMACIÓN GENERAL | |
| campo de control de longitud fija | 750923s1969 sp a 001 0 spa |
| 040 ## - FUENTE DE LA CATALOGACIÓN | |
| Centro catalogador/agencia de origen | DO-SdBNP |
| Lengua de catalogación | spa |
| Centro/agencia transcriptor | BNPHU |
| 082 ## - NÚMERO DE LA CLASIFICACIÓN DECIMAL DEWEY | |
| Número de clasificación | 327 |
| Número de documento/Ítem | B425d |
| 100 1# - ENTRADA PRINCIPAL--NOMBRE DE PERSONA | |
| Nombre de persona | Beladiez, Emilio |
| 9 (RLIN) | 6831 |
| 245 10 - MENCIÓN DE TÍTULO | |
| Título | Dos españoles en Rusia : |
| Resto del título | el Marqués de Almodóvar, 1761-1763 y Don Juan Valera, 1856-1857 / |
| Mención de responsabilidad, etc. | Emilio Beladiez. |
| 260 ## - PUBLICACIÓN, DISTRIBUCIÓN, ETC. | |
| Lugar de publicación, distribución, etc. | Madrid : |
| Nombre del editor, distribuidor, etc. | Prensa Española, |
| Fecha de publicación, distribución, etc. | 1969. |
| 300 ## - DESCRIPCIÓN FÍSICA | |
| Extensión | 223 p. : |
| Otras características físicas | il. ; |
| Dimensiones | 22 cm. |
| 440 #4 - MENCIÓN DE SERIE/PUNTO DE ACCESO ADICIONAL--TÍTULO | |
| Título | Los tres dados |
| 9 (RLIN) | 6832 |
| 504 ## - NOTA DE BIBLIOGRAFÍA, ETC. | |
| Nota de bibliografía, etc. | Bibliografía: p. 221-223. |
| 600 10 - PUNTO DE ACCESO ADICIONAL DE MATERIA--NOMBRE DE PERSONA | |
| Nombre de persona | VALERA, JUAN, |
| Fechas asociadas al nombre | 1824-1905 |
| 9 (RLIN) | 6833 |
| 600 00 - PUNTO DE ACCESO ADICIONAL DE MATERIA--NOMBRE DE PERSONA | |
| Nombre de persona | ALMODÓVAR DEL RÍO, |
| 9 (RLIN) | 6834 |
| 600 00 - PUNTO DE ACCESO ADICIONAL DE MATERIA--NOMBRE DE PERSONA | |
| Nombre de persona | PEDRO JIMÉNEZ DE GÓNGORA Y LUJÁN, DUQUE DE, |
| Fechas asociadas al nombre | 1794. |
| 9 (RLIN) | 6835 |
| 651 #4 - PUNTO DE ACCESO ADICIONAL DE MATERIA--NOMBRE GEOGRÁFICO | |
| Nombre geográfico | España |
| Subdivisión general | Relaciones Exterior |
| Subdivisión geográfica | Rusia |
| 9 (RLIN) | 6836 |
| 651 #4 - PUNTO DE ACCESO ADICIONAL DE MATERIA--NOMBRE GEOGRÁFICO | |
| Nombre geográfico | Rusia |
| Subdivisión general | Relaciones Exteriores |
| Subdivisión geográfica | España |
| 9 (RLIN) | 6837 |
| Estado de retiro | Estado de pérdida | Restricciones de uso | No para préstamo | Código de colección | Localización permanente | Ubicación/localización actual | Ubicación en estantería | Fecha de adquisición | Número de inventario | Total de préstamos | Signatura topográfica completa | Código de barras | Fecha visto por última vez | Precio válido a partir de | Tipo de ítem Koha |
|---|---|---|---|---|---|---|---|---|---|---|---|---|---|---|---|
| Préstamo interno | Monografías: Libros y Folletos | General | General | Depósito | 03.07.2009 | LF1 | 327 B425d | 2131-10 | 25.06.2020 | 25.06.2020 | Préstamo interno |
